Score 0/20 Timer 04:00
0 Plays Today
Name Missing Word % Correct
Justin _____Timberlake
95.5%
Shania _____Twain
93.7%
Crash _____ DummiesTest
91.6%
_____ ChapmanTracy
87.4%
_____ Eye BlindThird
84.7%
Robin _____Thicke
83.6%
Matchbox _____Twenty
81.7%
_____! Toni! Tone!Tony
76%
_____ LōcTone
69.6%
Take _____That
64.1%
Name Missing Word % Correct
Soulja Boy _____'EmTell
51.7%
_____ TeamTag
51.5%
Blues _____Traveler
49.6%
_____ CruzTaio
46.7%
_____ SongzTrey
45.2%
Crazy _____Town
41.5%
_____ McCoyTravie
38.1%
_____ DaddyTrick
20.9%
_____ CampbellTevin
19.8%
Ralph _____Tresvant
11.7%

Today's Daily Dose

Missing Word
Lizzo Songs

Get the Picture
The Longest Rivers

Remove Ads.
Support Sporcle.
Get the best of Sporcle when you Go Orange. This ad-free experience offers more features, more stats, and more fun while also helping to support Sporcle. Thank you for becoming a member.

You're not logged in!

Compare scores with friends on all Sporcle quizzes.
OR
Log In

Show Comments

Extras

Top Quizzes Today


Score Distribution

Your Account Isn't Verified!

In order to create a playlist on Sporcle, you need to verify the email address you used during registration. Go to your Sporcle Settings to finish the process.

Report this User

Report this user for behavior that violates our Community Guidelines.

Details: